Introduction of the euro and the monetary policy of the European central bank / (Record no. 742012)

MARC details
000 -LEADER
fixed length control field 01235 am a2200361 a 4500
001 - CONTROL NUMBER
control field vtls000928695
003 - CONTROL NUMBER IDENTIFIER
control field NLI
005 - DATE AND TIME OF LATEST TRANSACTION
control field 20210627084421.0
008 - FIXED-LENGTH DATA ELEMENTS--GENERAL INFORMATION
fixed length control field 110909s2010 njud 001 0 eng d
020 ## - INTERNATIONAL STANDARD BOOK NUMBER
International Standard Book Number 9789812838438
Terms of availability $85.00
039 #9 - LEVEL OF BIBLIOGRAPHIC CONTROL AND CODING DETAIL [OBSOLETE]
-- 201109091755
-- santanuc
040 ## - CATALOGING SOURCE
Original cataloging agency NLI
Language of cataloging eng
041 0# - LANGUAGE CODE
Language code of text/sound track or separate title eng
044 ## - COUNTRY OF PUBLISHING/PRODUCING ENTITY CODE
MARC country code nju
082 04 - DEWEY DECIMAL CLASSIFICATION NUMBER
Classification number 339.53094
Edition number 22
100 1# - MAIN ENTRY--PERSONAL NAME
Personal name Hamori, Shigeyuki,
Dates associated with a name 1959-
9 (RLIN) 858520
245 10 - TITLE STATEMENT
Title Introduction of the euro and the monetary policy of the European central bank /
Statement of responsibility, etc. Shigeyuki Hamori, Naoko Hamori
260 ## - PUBLICATION, DISTRIBUTION, ETC.
Place of publication, distribution, etc. New Jersey :
Name of publisher, distributor, etc. World Scientific,
Date of publication, distribution, etc. c2010
300 ## - PHYSICAL DESCRIPTION
Extent xx, 199 p. ;
Dimensions 24 cm.
504 ## - BIBLIOGRAPHY, ETC. NOTE
Bibliography, etc. note Includes bibliographical references and index
610 20 - SUBJECT ADDED ENTRY--CORPORATE NAME
Corporate name or jurisdiction name as entry element European Central Bank
9 (RLIN) 858521
650 #0 - SUBJECT ADDED ENTRY--TOPICAL TERM
Topical term or geographic name entry element Monetary policy
Geographic subdivision European Union countries
9 (RLIN) 858522
650 #0 - SUBJECT ADDED ENTRY--TOPICAL TERM
Topical term or geographic name entry element Euro area
9 (RLIN) 858523
700 1# - ADDED ENTRY--PERSONAL NAME
Personal name Hamori, Naoko
9 (RLIN) 858524
887 ## - NON-MARC INFORMATION FIELD
Content of non-MARC field Santanu Chanda
901 ## - LOCAL DATA ELEMENT A, LDA (RLIN)
a 565665 :
b 24.6.11
902 ## - LOCAL DATA ELEMENT B, LDB (RLIN)
a E 339.53094 H 186
904 ## - LOCAL DATA ELEMENT D, LDD (RLIN)
a Santanu Chanda
949 ## - LOCAL PROCESSING INFORMATION (OCLC)
-- VIRTUAITEM
-- 10000
-- 100
6 PUR000565665ENG
942 ## - ADDED ENTRY ELEMENTS (KOHA)
Source of classification or shelving scheme Dewey Decimal Classification
Koha item type Books
Holdings
Withdrawn status Lost status Damaged status Not for loan Collection code Home library Current library Shelving location Date acquired Total Checkouts Full call number Barcode Date last seen Price effective from Koha item type
        New English National Library of India National Library of India New English - Main Stack Division     E 339.53094 H 186 PUR000565665ENG 27/06/2021 27/06/2021 Books
                                                                           
web counter

Copyright ©2020 The National Library of India, Govt. of India ↔ Hosted by NVLI, MOC ↔ Technology and Design by National Library of India, Ministry of Culture, Govt. of India